{"text_format":"3","workbook":"xlsx","n_sheets":1,"sheets":["t436"],"read":"whole","date_system":"1900"}

{"sheet":"t436","index":0,"n_rows":197,"n_cols":7,"rows_kept":197,"merged":[[0,0,0,6],[28,0,28,5],[44,0,44,5],[160,0,160,5]]}
["TABELA 436.1 - Estatísticas Agrícolas, Município de Pitangueiras, Estado de São Paulo, 2016/17."]
["ITEM","UNIDADE","N.DE UPAs","MÍNIMO","MÉDIO","MÁXIMO","TOTAL"]
["Distância à sede do município","km",736,{"v":0,"d":"0.0"},{"v":9.96,"d":"10.0"},{"v":38,"d":"38.0"},"-"]
["Área total","hectare",736,0.6,{"v":55.74,"d":"55.7"},{"v":6592.9,"d":"6,592.9"},{"v":41026.1,"d":"41,026.1"}]
["Área com cultura perene","hectare",38,0.1,{"v":1.04,"d":"1.0"},{"v":15,"d":"15.0"},39.6]
["Área com cultura temporária","hectare",705,0.1,{"v":50.16,"d":"50.2"},{"v":5393,"d":"5,393.0"},{"v":35365.3,"d":"35,365.3"}]
["Área com pastagem","hectare",123,0.3,{"v":3.91,"d":"3.9"},58.2,480.7]
["Área com reflorestamento","hectare",50,0.3,{"v":3.88,"d":"3.9"},30.6,194.1]
["Área com vegetação natural","hectare",68,0.2,{"v":19.77,"d":"19.8"},{"v":993,"d":"993.0"},{"v":1344.4,"d":"1,344.4"}]
["Área com vegetação de brejo e várzea","hectare",362,0.1,{"v":5.89,"d":"5.9"},300.2,{"v":2131.7,"d":"2,131.7"}]
["Área em descanso","hectare",29,0.6,{"v":9.35,"d":"9.4"},183.9,271.2]
["Área complementar","hectare",452,0.1,{"v":2.65,"d":"2.7"},242.7,{"v":1199.1,"d":"1,199.1"}]
["Área das UPAs com (0, 1] ha","hectare",3,0.6,{"v":0.73,"d":"0.7"},{"v":1,"d":"1.0"},2.2]
["Área das UPAs com (1, 2] ha","hectare",18,1.1,{"v":1.62,"d":"1.6"},{"v":2,"d":"2.0"},29.1]
["Área das UPAs com (2, 5] ha","hectare",64,2.2,{"v":3.95,"d":"4.0"},{"v":5,"d":"5.0"},252.5]
["Área das UPAs com (5, 10] ha","hectare",79,5.1,{"v":7.92,"d":"7.9"},{"v":10,"d":"10.0"},625.7]
["Área das UPAs com (10, 20] ha","hectare",240,10.2,{"v":14.34,"d":"14.3"},{"v":20,"d":"20.0"},{"v":3441.2,"d":"3,441.2"}]
["Área das UPAs com (20, 50] ha","hectare",208,20.2,{"v":32.02,"d":"32.0"},49.6,{"v":6660.2,"d":"6,660.2"}]
["Área das UPAs com (50, 100] ha","hectare",52,50.8,{"v":69.01,"d":"69.0"},95.4,{"v":3588.3,"d":"3,588.3"}]
["Área das UPAs com (100, 200] ha","hectare",44,101.6,{"v":141.12,"d":"141.1"},193.8,{"v":6209.2,"d":"6,209.2"}]
["Área das UPAs com (200, 500] ha","hectare",22,202.1,{"v":297,"d":"297.0"},459.1,{"v":6533.9,"d":"6,533.9"}]
["Área das UPAs com (500, 1.000] ha","hectare",3,564.4,{"v":768.73,"d":"768.7"},{"v":992,"d":"992.0"},{"v":2306.2,"d":"2,306.2"}]
["Área das UPAs com (1.000, 2.000] ha","hectare",1,{"v":1346.8,"d":"1,346.8"},{"v":1346.8,"d":"1,346.8"},{"v":1346.8,"d":"1,346.8"},{"v":1346.8,"d":"1,346.8"}]
["Área das UPAs com (2.000, 5.000] ha","hectare",1,{"v":3437.9,"d":"3,437.9"},{"v":3437.9,"d":"3,437.9"},{"v":3437.9,"d":"3,437.9"},{"v":3437.9,"d":"3,437.9"}]
["Área das UPAs com (5.000, 10.000] ha","hectare",1,{"v":6592.9,"d":"6,592.9"},{"v":6592.9,"d":"6,592.9"},{"v":6592.9,"d":"6,592.9"},{"v":6592.9,"d":"6,592.9"}]
["Área das UPAs acima de 10.000 ha","hectare","-","-","-","-","-"]
["Fonte: Secretaria de Agricultura e Abastecimento, CDRS/IEA, Projeto LUPA."]
[]
["TABELA 436.2 - Explorações Animais, Município de Pitangueiras, Estado de São Paulo, 2016/17."]
["ITEM","UNIDADE","N.DE UPAs","MÍNIMO","MÉDIO","MÁXIMO","TOTAL"]
["Asininos e muares","cabecas",4,{"v":1,"d":"1.0"},{"v":1,"d":"1.0"},{"v":1,"d":"1.0"},{"v":4,"d":"4.0"}]
["Avicultura de corte","cabecas/ano",17,{"v":10,"d":"10.0"},{"v":117710,"d":"117,710.0"},{"v":2000000,"d":"2,000,000.0"},{"v":2001070,"d":"2,001,070.0"}]
["Avicultura ornamental/decorativa/exotica","cabecas",10,{"v":2,"d":"2.0"},24.4,{"v":50,"d":"50.0"},{"v":244,"d":"244.0"}]
["Avicultura para ovos","cabecas",20,{"v":10,"d":"10.0"},{"v":133.85,"d":"133.9"},{"v":2000,"d":"2,000.0"},{"v":2677,"d":"2,677.0"}]
["Bovinocultura de corte","cabecas",16,{"v":4,"d":"4.0"},{"v":88.69,"d":"88.7"},{"v":350,"d":"350.0"},{"v":1419,"d":"1,419.0"}]
["Bovinocultura leiteira","cabecas",3,{"v":2,"d":"2.0"},{"v":6.67,"d":"6.7"},{"v":15,"d":"15.0"},{"v":20,"d":"20.0"}]
["Bovinocultura mista","cabecas",71,{"v":2,"d":"2.0"},{"v":14.65,"d":"14.7"},{"v":300,"d":"300.0"},{"v":1040,"d":"1,040.0"}]
["Caprinocultura","cabecas",2,{"v":6,"d":"6.0"},10.5,{"v":15,"d":"15.0"},{"v":21,"d":"21.0"}]
["Equinocultura","cabecas",55,{"v":1,"d":"1.0"},{"v":2.62,"d":"2.6"},{"v":15,"d":"15.0"},{"v":144,"d":"144.0"}]
["Ovinocultura","cabecas",13,{"v":3,"d":"3.0"},{"v":15,"d":"15.0"},{"v":40,"d":"40.0"},{"v":195,"d":"195.0"}]
["Piscicultura","m2 tanques",5,{"v":2000,"d":"2,000.0"},{"v":6000,"d":"6,000.0"},{"v":10000,"d":"10,000.0"},{"v":30000,"d":"30,000.0"}]
["Suinocultura","cabecas",42,{"v":1,"d":"1.0"},{"v":13.29,"d":"13.3"},{"v":100,"d":"100.0"},{"v":558,"d":"558.0"}]
["Fonte: Secretaria de Agricultura e Abastecimento, CDRS/IEA, Projeto LUPA."]
[]
["TABELA 436.3 -  Máquinas, Implementos e Benfeitorias, Município de Pitangueiras, Estado de São Paulo, 2016/17."]
["ITEM","UNIDADE","N.DE UPAs","MÍNIMO","MÉDIO","MÁXIMO","TOTAL"]
["Arado comum (bacia, aiveca)","unidade",79,{"v":1,"d":"1.0"},{"v":1.66,"d":"1.7"},{"v":15,"d":"15.0"},{"v":131,"d":"131.0"}]
["Arado escarificador","unidade",26,{"v":1,"d":"1.0"},1.5,{"v":5,"d":"5.0"},{"v":39,"d":"39.0"}]
["Arado subsolador","unidade",40,{"v":1,"d":"1.0"},{"v":1.88,"d":"1.9"},{"v":12,"d":"12.0"},{"v":75,"d":"75.0"}]
["Batedeira de cereais","unidade",1,{"v":3,"d":"3.0"},{"v":3,"d":"3.0"},{"v":3,"d":"3.0"},{"v":3,"d":"3.0"}]
["Camara fria","unidade",1,{"v":1,"d":"1.0"},{"v":1,"d":"1.0"},{"v":1,"d":"1.0"},{"v":1,"d":"1.0"}]
["Carregadeira de cana","unidade",10,{"v":1,"d":"1.0"},8.3,{"v":30,"d":"30.0"},{"v":83,"d":"83.0"}]
["Carreta de trator","unidade",8,{"v":1,"d":"1.0"},{"v":1.38,"d":"1.4"},{"v":2,"d":"2.0"},{"v":11,"d":"11.0"}]
["Colhedeira acoplada","unidade",8,{"v":1,"d":"1.0"},{"v":1.38,"d":"1.4"},{"v":2,"d":"2.0"},{"v":11,"d":"11.0"}]
["Colhedeira automotriz","unidade",7,{"v":1,"d":"1.0"},{"v":7,"d":"7.0"},{"v":20,"d":"20.0"},{"v":49,"d":"49.0"}]
["Computador","unidade",3,{"v":1,"d":"1.0"},{"v":8.33,"d":"8.3"},{"v":21,"d":"21.0"},{"v":25,"d":"25.0"}]
["Conj.irrigacao autopropelido","unidade",4,{"v":1,"d":"1.0"},{"v":2,"d":"2.0"},{"v":5,"d":"5.0"},{"v":8,"d":"8.0"}]
["Conj.irrigacao convencional","unidade",7,{"v":1,"d":"1.0"},{"v":1.14,"d":"1.1"},{"v":2,"d":"2.0"},{"v":8,"d":"8.0"}]
["Conj.irrigacao pivot central","unidade",2,{"v":1,"d":"1.0"},{"v":2,"d":"2.0"},{"v":3,"d":"3.0"},{"v":4,"d":"4.0"}]
["Conj.irrigacao/gotejamento/microaspersao","unidade",9,{"v":1,"d":"1.0"},{"v":1,"d":"1.0"},{"v":1,"d":"1.0"},{"v":9,"d":"9.0"}]
["Conjunto de fenacao","unidade",1,{"v":1,"d":"1.0"},{"v":1,"d":"1.0"},{"v":1,"d":"1.0"},{"v":1,"d":"1.0"}]
["Desintegrador de palha (plantio direto)","unidade",2,{"v":1,"d":"1.0"},3.5,{"v":6,"d":"6.0"},{"v":7,"d":"7.0"}]
["Desintegrador, picador, triturador","unidade",77,{"v":1,"d":"1.0"},{"v":1.16,"d":"1.2"},{"v":4,"d":"4.0"},{"v":89,"d":"89.0"}]
["Distribuidor de calcario","unidade",43,{"v":1,"d":"1.0"},1.3,{"v":7,"d":"7.0"},{"v":56,"d":"56.0"}]
["Embarcação","unidade",4,{"v":1,"d":"1.0"},{"v":1,"d":"1.0"},{"v":1,"d":"1.0"},{"v":4,"d":"4.0"}]
["Ensiladeira","unidade",23,{"v":1,"d":"1.0"},{"v":1.22,"d":"1.2"},{"v":3,"d":"3.0"},{"v":28,"d":"28.0"}]
["Grade aradora (tipo romi)","unidade",61,{"v":1,"d":"1.0"},{"v":1.49,"d":"1.5"},{"v":10,"d":"10.0"},{"v":91,"d":"91.0"}]
["Grade niveladora","unidade",90,{"v":1,"d":"1.0"},{"v":1.66,"d":"1.7"},{"v":20,"d":"20.0"},{"v":149,"d":"149.0"}]
["Implementos para tracao animal","unidade",2,{"v":1,"d":"1.0"},{"v":1,"d":"1.0"},{"v":1,"d":"1.0"},{"v":2,"d":"2.0"}]
["Misturador de racao","unidade",12,{"v":1,"d":"1.0"},{"v":1.17,"d":"1.2"},{"v":3,"d":"3.0"},{"v":14,"d":"14.0"}]
["Mmicrotrator","unidade",2,{"v":1,"d":"1.0"},1.5,{"v":2,"d":"2.0"},{"v":3,"d":"3.0"}]
["Ordenhadeira mecanica","unidade",2,{"v":1,"d":"1.0"},{"v":1,"d":"1.0"},{"v":1,"d":"1.0"},{"v":2,"d":"2.0"}]
["Pulverizador tratorizado","unidade",86,{"v":1,"d":"1.0"},{"v":1.74,"d":"1.7"},{"v":14,"d":"14.0"},{"v":150,"d":"150.0"}]
["Resfriador de leite, tanque expansao","unidade",2,{"v":1,"d":"1.0"},{"v":1,"d":"1.0"},{"v":1,"d":"1.0"},{"v":2,"d":"2.0"}]
["Roçadeira costal","unidade",2,{"v":1,"d":"1.0"},3.5,{"v":6,"d":"6.0"},{"v":7,"d":"7.0"}]
["Roçadeira tratorizada","unidade",9,{"v":1,"d":"1.0"},{"v":1.22,"d":"1.2"},{"v":3,"d":"3.0"},{"v":11,"d":"11.0"}]
["Roçadora","unidade",3,{"v":1,"d":"1.0"},{"v":1.33,"d":"1.3"},{"v":2,"d":"2.0"},{"v":4,"d":"4.0"}]
["Semeadeira/adubadeira para plantio convencional","unidade",51,{"v":1,"d":"1.0"},{"v":1.31,"d":"1.3"},{"v":4,"d":"4.0"},{"v":67,"d":"67.0"}]
["Semeadeira/plantadeira plantio direto","unidade",17,{"v":1,"d":"1.0"},{"v":1.82,"d":"1.8"},{"v":8,"d":"8.0"},{"v":31,"d":"31.0"}]
["Terraceador","unidade",5,{"v":1,"d":"1.0"},1.8,{"v":5,"d":"5.0"},{"v":9,"d":"9.0"}]
["Trator de esteiras","unidade",6,{"v":1,"d":"1.0"},{"v":3.17,"d":"3.2"},{"v":8,"d":"8.0"},{"v":19,"d":"19.0"}]
["Trator de pneus  acima de 85 cv","unidade",26,{"v":1,"d":"1.0"},{"v":6.08,"d":"6.1"},{"v":55,"d":"55.0"},{"v":158,"d":"158.0"}]
["Trator de pneus até 65 cv","unidade",95,{"v":1,"d":"1.0"},{"v":1.88,"d":"1.9"},{"v":20,"d":"20.0"},{"v":179,"d":"179.0"}]
["Trator de pneus de 66 cv a 85 cv","unidade",58,{"v":1,"d":"1.0"},{"v":2.72,"d":"2.7"},{"v":40,"d":"40.0"},{"v":158,"d":"158.0"}]
["Acude/represa","unidade",60,{"v":1,"d":"1.0"},{"v":1.27,"d":"1.3"},{"v":8,"d":"8.0"},{"v":76,"d":"76.0"}]
["Alambique","unidade",1,{"v":1,"d":"1.0"},{"v":1,"d":"1.0"},{"v":1,"d":"1.0"},{"v":1,"d":"1.0"}]
["Almoxarifado/oficina","unidade",33,{"v":1,"d":"1.0"},{"v":1.12,"d":"1.1"},{"v":3,"d":"3.0"},{"v":37,"d":"37.0"}]
["Armazem para graos ensacados","sacas",6]
["Balanca para bovinos","unidade",4,{"v":1,"d":"1.0"},{"v":1,"d":"1.0"},{"v":1,"d":"1.0"},{"v":4,"d":"4.0"}]
["Balanca para veiculos","unidade",6,{"v":1,"d":"1.0"},{"v":1.33,"d":"1.3"},{"v":2,"d":"2.0"},{"v":8,"d":"8.0"}]
["Barracao para granja/avicultura","unidade",7,{"v":1,"d":"1.0"},{"v":2.57,"d":"2.6"},{"v":10,"d":"10.0"},{"v":18,"d":"18.0"}]
["Barracao/galpao/garagem","unidade",178,{"v":1,"d":"1.0"},{"v":1.36,"d":"1.4"},{"v":8,"d":"8.0"},{"v":242,"d":"242.0"}]
["Casa de moradia habitada","unidade",227,{"v":1,"d":"1.0"},{"v":1.95,"d":"2.0"},{"v":35,"d":"35.0"},{"v":443,"d":"443.0"}]
["Casa de moradia total","unidade",261,{"v":1,"d":"1.0"},{"v":2.41,"d":"2.4"},{"v":44,"d":"44.0"},{"v":629,"d":"629.0"}]
["Curral/mangueira","unidade",103,{"v":1,"d":"1.0"},{"v":1.05,"d":"1.1"},{"v":2,"d":"2.0"},{"v":108,"d":"108.0"}]
["Deposito/tulha","unidade",90,{"v":1,"d":"1.0"},1.1,{"v":4,"d":"4.0"},{"v":99,"d":"99.0"}]
["Estabulo","unidade",8,{"v":1,"d":"1.0"},{"v":1,"d":"1.0"},{"v":1,"d":"1.0"},{"v":8,"d":"8.0"}]
["Estufa/plasticultura","m2",2]
["Fabrica de racao","unidade",5,{"v":1,"d":"1.0"},{"v":1,"d":"1.0"},{"v":1,"d":"1.0"},{"v":5,"d":"5.0"}]
["Instalacoes para equinos","unidade",6,{"v":1,"d":"1.0"},{"v":3.17,"d":"3.2"},{"v":10,"d":"10.0"},{"v":19,"d":"19.0"}]
["Olaria","unidade",2,{"v":1,"d":"1.0"},{"v":1,"d":"1.0"},{"v":1,"d":"1.0"},{"v":2,"d":"2.0"}]
["Pocilga","unidade",50,{"v":1,"d":"1.0"},{"v":1.08,"d":"1.1"},{"v":3,"d":"3.0"},{"v":54,"d":"54.0"}]
["Poco semi-artesiano","unidade",53,{"v":1,"d":"1.0"},{"v":1.15,"d":"1.2"},{"v":3,"d":"3.0"},{"v":61,"d":"61.0"}]
["Silo para silagem","ton",13]
["Terreiro","m2",10]
["Usina de acucar/destilaria","unidade",4,{"v":1,"d":"1.0"},{"v":1,"d":"1.0"},{"v":1,"d":"1.0"},{"v":4,"d":"4.0"}]
["Fonte: Secretaria de Agricultura e Abastecimento, CDRS/IEA, Projeto LUPA."]
[]
["TABELA 436.4 - Outras Estatísticas Agrícolas, Município de Pitangueiras, Estado de São Paulo, 2016/17."]
["ITEM","Número de UPAs",null,"Percentual"]
["Faz Parte de Associação de Produtores",100,null,{"v":13.586956521739129,"d":"13.6"}]
["Faz Parte de Cooperativa de Produtores",534,null,{"v":72.55434782608695,"d":"72.6"}]
["Faz Parte do Sindicato de Produtores",6,null,{"v":0.8152173913043479,"d":"0.8"}]
["Não utiliza assistência técnica ",63,null,{"v":8.559782608695652,"d":"8.6"}]
["Utiliza somente assistência técnica governamental ",37,null,{"v":5.0271739130434785,"d":"5.0"}]
["Utiliza somente assistência técnica privada ",545,null,{"v":74.04891304347827,"d":"74.0"}]
["Utiliza assistência técnica tanto governamental quanto privada",91,null,{"v":12.364130434782608,"d":"12.4"}]
["Utiliza Crédito Rural",313,null,{"v":42.52717391304348,"d":"42.5"}]
["Utiliza Seguro Rural",31,null,{"v":4.211956521739131,"d":"4.2"}]
["Utiliza Escrituração Agrícola",578,null,{"v":78.53260869565217,"d":"78.5"}]
["Acessa Internet p/ Fins na Agropecuária",55,null,{"v":7.472826086956522,"d":"7.5"}]
["Utiliza Computador nas Atividades Agropecuárias",59,null,{"v":8.016304347826086,"d":"8.0"}]
["Utiliza Energia Elétrica Para Uso na Atividade Agrícola",238,null,{"v":32.336956521739125,"d":"32.3"}]
["Utiliza Energia Alternativa",1,null,{"v":0.1358695652173913,"d":"0.1"}]
["Realiza Análise de Solo, quando necessário",715,null,{"v":97.14673913043478,"d":"97.1"}]
["Realiza Calagem",708,null,{"v":96.19565217391305,"d":"96.2"}]
["Utiliza Práticas de Conservação de Solo, quando necessário",708,null,{"v":96.19565217391305,"d":"96.2"}]
["Faz Adubação Mineral, quando necessário",681,null,{"v":92.52717391304347,"d":"92.5"}]
["Faz Adubação Orgânica, quando necessário",4,null,{"v":0.5434782608695652,"d":"0.5"}]
["Faz Adubação Verde, quando necessário",4,null,{"v":0.5434782608695652,"d":"0.5"}]
["Utiliza Manejo Integrado de Pragas (MIP)",1,null,{"v":0.1358695652173913,"d":"0.1"}]
["Utiliza Hidroponia","-",null,"-"]
["Utiliza Cultivo em Estufa",4,null,{"v":0.5434782608695652,"d":"0.5"}]
["Utiliza Mudas Fiscalizadas",36,null,{"v":4.891304347826088,"d":"4.9"}]
["Utiliza Semente Melhorada",67,null,{"v":9.103260869565217,"d":"9.1"}]
["Faz Confinamento de Bovinos",9,null,{"v":1.222826086956522,"d":"1.2"}]
["Utiliza Pastejo Intensivo",14,null,{"v":1.9021739130434783,"d":"1.9"}]
["Faz Inseminação Artificial",2,null,{"v":0.2717391304347826,"d":"0.3"}]
["Faz Mineralização do Rebanho",79,null,{"v":10.733695652173912,"d":"10.7"}]
["Faz Vermifugação do Rebanho",79,null,{"v":10.733695652173912,"d":"10.7"}]
["Possui Parceiros /Arrendatários na Exploração Animal",7,null,{"v":0.9510869565217391,"d":"1.0"}]
["Existência de trabalhadores c/ deficiência na UPA","-",null,"-"]
["Esporte e lazer","-",null,"-"]
["Extração mineral","-",null,"-"]
["Hotel Fazenda, Pousada ou SPA","-",null,"-"]
["Pesque-pague",3,null,{"v":0.40760869565217395,"d":"0.4"}]
["Restaurante ou Lanchonete",1,null,{"v":0.1358695652173913,"d":"0.1"}]
["Transformação artesanal","-",null,"-"]
["Turismo rural ou ecoturismo","-",null,"-"]
["Outras atividades econômicas rurais",3,null,{"v":0.40760869565217395,"d":"0.4"}]
["Agroindústria",2,null,{"v":0.2717391304347826,"d":"0.3"}]
["Proprietário sem instrução ou com instrução incompleta",18,null,{"v":2.445652173913044,"d":"2.4"}]
["Proprietário com antigo primário completo",199,null,{"v":27.038043478260867,"d":"27.0"}]
["Proprietário com 1° grau (ou antigo ginasial) completo",161,null,{"v":21.875,"d":"21.9"}]
["Proprietário com 2° grau (ou antigo colegial) completo",133,null,{"v":18.070652173913043,"d":"18.1"}]
["Proprietário com curso superior completo ",191,null,{"v":25.95108695652174,"d":"26.0"}]
["Pessoa Jurídica",34,null,{"v":4.619565217391305,"d":"4.6"}]
["Proprietário residente na própria UPA ",3,null,{"v":0.40760869565217395,"d":"0.4"}]
["Fonte: Secretaria de Agricultura e Abastecimento, CDRS/IEA, Projeto LUPA."]
[]
["TABELA 436.5 - Área Cultivada, Município de Pitangueiras, Estado de São Paulo, 2016/17."]
["CULTURA","N.DE UPAs","MÍNIMO","MÉDIO","MÁXIMO","TOTAL"]
["Cana-de-acucar finalidade industria",674,0.3,{"v":50.94,"d":"50.9"},{"v":5118,"d":"5,118.0"},{"v":34333.8,"d":"34,333.8"}]
["Amendoim",32,{"v":3,"d":"3.0"},{"v":29.18,"d":"29.2"},{"v":465,"d":"465.0"},933.7]
["Soja",12,1.2,{"v":31.63,"d":"31.6"},{"v":275,"d":"275.0"},379.5]
["Gramas",95,0.3,{"v":3.89,"d":"3.9"},58.2,{"v":370,"d":"370.0"}]
["Eucalipto",48,0.3,{"v":4,"d":"4.0"},30.6,192.1]
["Milho safra",53,0.1,{"v":2.96,"d":"3.0"},48.4,156.8]
["Braquiaria",28,0.6,{"v":3.24,"d":"3.2"},12.1,90.7]
["Milho-silagem",4,3.6,{"v":6.53,"d":"6.5"},{"v":10,"d":"10.0"},26.1]
["Laranja Industria",2,2.5,{"v":8.75,"d":"8.8"},{"v":15,"d":"15.0"},17.5]
["Grama em Placas (m2)",2,{"v":1,"d":"1.0"},7.5,{"v":14,"d":"14.0"},{"v":15,"d":"15.0"}]
["Capim-napier (ou capim-elefante)",2,{"v":1,"d":"1.0"},7.5,{"v":14,"d":"14.0"},{"v":15,"d":"15.0"}]
["Mandioca",16,0.3,{"v":0.66,"d":"0.7"},1.5,10.6]
["Cafe",5,0.3,1.2,2.8,{"v":6,"d":"6.0"}]
["Pomar domestico",20,0.1,{"v":0.26,"d":"0.3"},0.6,5.2]
["Alho",1,{"v":5,"d":"5.0"},{"v":5,"d":"5.0"},{"v":5,"d":"5.0"},{"v":5,"d":"5.0"}]
["Setaria",1,{"v":5,"d":"5.0"},{"v":5,"d":"5.0"},{"v":5,"d":"5.0"},{"v":5,"d":"5.0"}]
["Cana-de-acucar outras finalidades",1,{"v":5,"d":"5.0"},{"v":5,"d":"5.0"},{"v":5,"d":"5.0"},{"v":5,"d":"5.0"}]
["Outras olericolas",5,0.5,{"v":0.82,"d":"0.8"},1.1,4.1]
["Manga",6,0.2,{"v":0.62,"d":"0.6"},{"v":1,"d":"1.0"},3.7]
["Sorgo",1,3.5,3.5,3.5,3.5]
["Seringueira",1,3.5,3.5,3.5,3.5]
["Horta domestica",10,0.1,{"v":0.24,"d":"0.2"},0.5,2.4]
["Outras florestais",2,{"v":1,"d":"1.0"},{"v":1,"d":"1.0"},{"v":1,"d":"1.0"},{"v":2,"d":"2.0"}]
["Laranja destino misto",3,0.2,{"v":0.63,"d":"0.6"},1.5,1.9]
["Feijao",3,0.3,0.5,0.7,1.5]
["Limao",1,{"v":1,"d":"1.0"},{"v":1,"d":"1.0"},{"v":1,"d":"1.0"},{"v":1,"d":"1.0"}]
["Abobora (ou jerimum)",4,0.1,0.2,0.3,0.8]
["Quiabo",3,0.1,{"v":0.17,"d":"0.2"},0.2,0.5]
["Outras frutiferas",1,0.4,0.4,0.4,0.4]
["Banana",1,0.3,0.3,0.3,0.3]
["Alface",2,0.1,{"v":0.15,"d":"0.2"},0.2,0.3]
["Pimenta",1,0.2,0.2,0.2,0.2]
["Viveiro de citros",1,0.1,0.1,0.1,0.1]
["Pimentao",1,0.1,0.1,0.1,0.1]
["Fonte: Secretaria de Agricultura e Abastecimento, CDRS/IEA, Projeto LUPA."]